• 首页
  • 本馆介绍
  • 公告通知
  • 最新文献
  • 馆藏检索
  • 电子资源
  • 读者导购
  • 参考咨询
  • 我的图书馆
  • 登录
  • 详细信息显示
  • 放入我的书架
  • 预约/预借图书
  • 作者相关作品
  • 分类相关作品
  • 丛书相关作品
  • 出版社相关作品

书目信息

  • 表格格式
  • 工作单格式
  • 卡片格式
题名:
美国谢司起义
    
 
作者: 杨增书 著
分册:  
出版信息: 北京   商务印书馆  1973
页数: 28页
开本: 20cm
丛书名:
单 册:
中图分类: K712.42
科图分类:
主题词: 北美洲--历史
电子资源:
ISBN:
000 00545nam0 2200205 450
001 0663218812
005 20060813173534.04
010    @dCNY0.08
100    @a20060813d1973 km y0chiy0120 ea
101 0  @achi
102    @aCN@b110000
200 1  @a美国谢司起义@Amei guo xie si qi yi@f杨增书著@Fyang zeng shu zhu
210    @a北京@c商务印书馆@d1973
215    @a28页@d20cm
300    @a历史知识读物
606 0  @a北美洲@x历史
690    @aK712.42@v3
701  0 @a杨增书@Ayang zeng shu@4著
801  0 @aCN@bPFT@c20060813
905    @a10447@dK712.42@e25
    
    美国谢司起义/杨增书著.-北京:商务印书馆,1973
    28页;20cm
    历史知识读物
    
    ISBN :CNY0.08
    
●
相关链接 在E读中查询图书 在五车中查询图书 在当当中查询图书 在豆瓣中查询图书


正题名:美国谢司起义     索取号:K712.42/25         预约/预借

序号 登录号 条形码 馆藏地/架位号 状态 备注
1 0462197   204621971   密集书库/ [索取号:K712.42/25] 在馆    
2 0462198   204621980   密集书库/ [索取号:K712.42/25] 在馆    
3 0462199   204621999   密集书库/ [索取号:K712.42/25] 在馆    
唐山师范学院图书馆 欢迎您!
大连网信软件有限公司© 版权所有